Statistiques concernant Culture Générale - Série 1233

Cliquez ici pour prendre le quiz!

Statistiques générales

  • Ce quiz a été pris 50 fois
  • Le résultat moyen est 5 sur 10

Statistiques - réponses

Question Réponse % Correct
Quelle ville est le chef-lieu du département de la Côte-d'Or ?Dijon
89%
Quel instrument à vent a fait la renommée de Manu Dibango ?saxophone
59%
Quelle plante aromatique également appelée "marjolaine" est utilisée pour épicer les pizzas ?origan
57%
Dans quel pays d'Asie du Sud-Est se déroule l'action principale du sulfureux roman “Plateforme” de Michel Houellebecq ?Thaïlande
54%
A quel écrivain espagnol doit-on le chef d'oeuvre : “Don Quichotte de la Manche” ?Miguel de Cervantes
54%
En 1985, des supporters de football britanniques provoquent de violentes émeutes lors d’un match au stade du Heysel à :Bruxelles
46%
À quel auteur doit-on “Les Chouans” ?Honoré de Balzac
39%
Quels “mystères” ont valu à Eugène Sue une immense popularité au XIXe siècle ?Les Mystères de Paris
35%
Comment s'appelle le palais d'hiver du dalaï-lama, symbole de Lhassa et de tout le Tibet ?Potala
17%
Comment appelle-t-on les habitants de Lisieux dans le Calvados ?Lexoviens
9%

Distribution des résultats

Percentile par nombre de réponses

% des personnes avec chaque résultat

Votre développement - résultats

Vous n’avez pas pris ce quiz